000 00480nam a2200181Ia 4500
005 20250508150742.0
008 008 250505s9999 xx 000 0 eng d
037 _aTextual
040 _aFEDL
_beng
_cFEDL
041 _aeng
_2eng
084 _a821.91, ELI
_qFEDL
100 _aEliot T S
245 0 _aCollected poems 1909-1935
260 _aLondon, UK
_bFaber and Faber Limited
300 _a191p
942 _cTEXL
_h821.91, ELI
999 _c1325447
_d1325447